[Event "Orbis IM 2018"]
[Site "Paracin"]
[Date "2018.07.19"]
[Round "8"]
[White "Isha, Sharma"]
[Black "Milanovic, Slavisa"]
[Result "0-1"]
[WhiteElo "2062"]
[BlackElo "2370"]
[Annotator "TA"]
[PlyCount "84"]
[EventDate "2018.??.??"]
[EventCountry "SRB"]
[SourceTitle "playchess.com"]
[Source "ChessBase"]
[SourceQuality "1"]

{[%evp 24,84,-54,-59,-56,-66,-66,-60,-52,-59,-55,-73,-68,-80,-68,-137,-139,-171,-136,-123,-117,-201,-204,-190,-203,-325,-332,-475,-479,-462,-483,-470,-468,-449,-437,-483,-478,-512,-487,-496,-496,-495,-467,-477,-477,-532,-532,-532,-531,-495,-520,-532,-532,-575,-574,-550,0,-509,0,-552,-527,-4802,-2848]} 1. e4 e6 2. d3 d5 3. Nd2 Nf6 4. Ngf3 c5 5. c3 Nc6 6. g3 Be7 7. Bg2 O-O 8. O-O b5 9. Re1 a5 {[%cal Ba7a5,Ba5a4,Ba4a3][%mdl 32]} 10. e5 {C00: French: Unusual White 2nd moves} Nd7 11. Nf1 Ba6 12. h4 b4 13. N1h2 {LiveBook: 5 Games} Rb8 (13... a4 14. a3 bxc3 15. bxc3 Rb8 16. Ng4 Rb3 17. c4 Nb6 {0-1 (31) Karjakin,S (2775)-Leko,P (2732) Beijing 2012}) 14. h5 {[#]} a4 $146 {[%mdl 512]} ({Predecessor:} 14... Qc7 15. Ng4 a4 16. Qe2 a3 17. c4 dxc4 18. dxc4 axb2 19. Bxb2 {0-1 (33) Troianska,E-Macek,V Poiana Brasov 1973}) 15. h6 (15. Qxa4 Bxd3) 15... g6 16. Bf1 {[#]} a3 $1 {[%mdl 512]} 17. c4 (17. bxa3 bxc3) 17... dxc4 18. dxc4 {[#]} Ndxe5 $1 {[%mdl 512]} 19. Qa4 (19. Nxe5 $15 Qxd1 20. Rxd1 Nxe5 21. bxa3) (19. Rxe5 Qxd1) 19... Nxf3+ $17 ({Inferior is} 19... Nxc4 20. Qxa6 axb2 21. Bxb2 $16) 20. Nxf3 axb2 21. Bxb2 Bb7 22. Ne5 (22. Bg2 $17 {keeps fighting.}) 22... Nxe5 $19 23. Bxe5 Ra8 24. Qb5 (24. Qc2 $142) 24... Qc8 25. Red1 (25. a4 $142) 25... Bc6 26. Qb6 Ra6 27. Qc7 Qxc7 28. Bxc7 Bf6 29. Rac1 Bd4 30. Rd2 e5 31. Bd6 Rfa8 32. Rxd4 exd4 ({Less strong is} 32... cxd4 33. Bxe5 Rxa2 34. Bxd4 $19) 33. Bxc5 Rxa2 34. Bxd4 b3 {[%cal Bb4b3,Bb3b2][%mdl 32]} 35. Rb1 Rb8 36. Be5 Rb7 37. c5 b2 38. Rd1 {White wants to mate with Rd8+.} Rd7 39. Rb1 Rb7 $2 (39... Rd2 $19 40. Bg2 {[#]} Ra1 $1 {[%mdl 512]} 41. Rxa1 bxa1=R+ 42. Bxa1 Rd1+ 43. Kh2 Bxg2) 40. Bd3 $2 {[%mdl 8192]} (40. Rd1 $11 {and White has nothing to worry.} Rd7 41. Rb1) 40... Rd7 $2 ({Black should try} 40... Rb3 $19 41. Bc2 Rb5) 41. Bc2 $2 {[%mdl 8192]} (41. Bf1 $1 $11) 41... Rd2 42. Bb3 Ra3 {Precision: White = 43%, Black = 81%.} 0-1

[Event "Orbis IM 2018"]
[Site "Paracin"]
[Date "2018.07.20"]
[Round "9"]
[White "Brankovic, Dejan"]
[Black "Sredojevic, Ivan"]
[Result "1/2-1/2"]
[WhiteElo "2377"]
[BlackElo "2298"]
[Annotator "TA"]
[PlyCount "23"]
[EventDate "2018.??.??"]
[EventCountry "SRB"]
[SourceTitle "playchess.com"]
[Source "ChessBase"]
[SourceQuality "1"]

{[%evp 15,20,0,18,20,24,-35,-30]} 1. Nf3 Nf6 2. g3 g6 3. Bg2 Bg7 4. O-O O-O 5. d3 d6 6. Nbd2 Nbd7 7. e4 e5 8. c3 c6 {LiveBook: 9 Games. A05: Réti Opening: 1 Nf3 Nf6} 9. a4 (9. d4 Qc7 10. Re1 b6 11. a4 a5 12. Nc4 Ba6 13. Nxd6 Ng4 14. h3 Nxf2 15. Kxf2 Qxd6 16. dxe5 {1-0 (52) Strikovic,A (2535)-Conquest,S (2530) Calvia 2006}) 9... a5 10. Qe2 (10. Re1 $11) 10... Re8 {Predecessor:} 11. Re1 $146 Nf8 12. Nf1 {½-½ (12) Johansen,A (2097)-Standal,B (1967) Gausdal 2003} 1/2-1/2

[Event "Orbis IM 2018"]
[Site "Paracin"]
[Date "2018.07.20"]
[Round "9"]
[White "Milanovic, Slavisa"]
[Black "Avalyan, Artur"]
[Result "1-0"]
[WhiteElo "2370"]
[BlackElo "2315"]
[Annotator "ChessBase"]
[PlyCount "61"]
[EventDate "2018.??.??"]
[EventCountry "SRB"]
[SourceTitle "playchess.com"]
[Source "ChessBase"]
[SourceQuality "1"]
[TimeControl "40/5400+30:1800+30"]

1. c4 {[%emt 0:00:00]} e6 {[%emt 0:00:00]} 2. Nc3 {[%emt 0:00:00]} d5 {[%emt 0:00:00]} 3. d4 {[%emt 0:00:00]} Nf6 {[%emt 0:00:00]} 4. Nf3 {[%emt 0:00:03]} Be7 {[%emt 0:00:00]} 5. Bf4 {[%emt 0:00:07]} O-O {[%emt 0:00:08]} 6. e3 {[%emt 0:00:04]} b6 {[%emt 0:00:10]} 7. cxd5 {[%emt 0:03:44]} Nxd5 {[%emt 0:00:43]} 8. Nxd5 {[%emt 0:01:14]} exd5 {[%emt 0:00:13]} 9. Be2 {[%emt 0:08:40]} c5 {[%emt 0:00:33]} 10. O-O {[%emt 0:01:03]} Be6 {[%emt 0:02:27]} 11. b3 {[%emt 0:03:16]} a6 {[%emt 0:15:22]} 12. Rc1 {[%emt 0:08:13]} Nd7 {[%emt 0:06:11]} 13. h3 {[%emt 0:05:46]} g5 {[%emt 0:09:58]} 14. Bh2 {[%emt 0:01:32]} f5 {[%emt 0:00:56]} 15. Ne5 {[%emt 0:02:28]} Nxe5 {[%emt 0:02:17]} 16. Bxe5 {[%emt 0:01:11]} Qd7 {[%emt 0:04:01]} 17. Qd2 {[%emt 0:02:31]} Bd6 {[%emt 0:17:27]} 18. Bxd6 {[%emt 0:05:43]} Qxd6 {[%emt 0:00:07]} 19. Rfd1 {[%emt 0:00:15]} Ra7 {[%emt 0:06:25]} 20. Qc3 {[%emt 0:06:17]} cxd4 {[%emt 0:11:05]} 21. Qxd4 {[%emt 0:00:57]} Rg7 {[%emt 0:05:07]} 22. Bxa6 {[%emt 0:22:20]} g4 {[%emt 0:02:58]} 23. hxg4 {[%emt 0:00:09]} Rxg4 {[%emt 0:03:49]} 24. f4 {[%emt 0:00:53]} Bf7 {[%emt 0:03:46]} 25. Be2 {[%emt 0:03:22]} Rg7 {[%emt 0:00:26]} 26. Bf3 {[%emt 0:01:42]} Rd8 {[%emt 0:00:11]} 27. Rc2 {[%emt 0:02:20]} Qg6 {[%emt 0:01:30]} 28. Rdc1 {[%emt 0:01:10]} Be6 {[%emt 0:00:44]} 29. Rc6 {[%emt 0:03:06]} Qg3 {[%emt 0:00:30]} 30. Rxe6 {[%emt 0:00:43]} Qxf3 {[%emt 0:00:08]} 31. Qxg7+ {[%emt 0:00:09]} 1-0

[Event "Orbis IM 2018"]
[Site "Paracin"]
[Date "2018.07.20"]
[Round "9"]
[White "Konaplev, Anton"]
[Black "Ozenir, Ekin Baris"]
[Result "1/2-1/2"]
[WhiteElo "2316"]
[BlackElo "2300"]
[Annotator "TA"]
[PlyCount "160"]
[EventDate "2018.??.??"]
[EventCountry "SRB"]
[SourceTitle "playchess.com"]
[Source "ChessBase"]
[SourceQuality "1"]

{[%evp 16,160,-23,-21,24,26,55,33,40,25,39,31,40,28,45,0,0,-5,38,36,51,0,0,0,0,0,0,0,0,0,0,0,0,-4,0,-72,-24,-25,0,-45,0,-14,-12,-43,0,-105,-98,-100,0,-8,96,0,0,-70,-54,-81,-6,-12,-13,-24,-25,-23,-23,-64,-84,-70,0,0,-13,-29,-27,-17,15,8,8,0,0,-8,-8,-8,-6,-16,-8,-8,0,0,23,0,56,64,67,31,22,24,53,22,23,14,30,26,90,8,15,8,14,8,8,0,59,0,6,0,0,0,0,0,0,0,0,0,0,0,0,0,0,0,0,0,0,0,0,0,0,0,0,0,0,0,0,0,0,0,0,0,0,0,0]} 1. d4 Nf6 2. c4 e6 3. Nc3 Bb4 4. e3 O-O 5. Bd3 c5 6. Nf3 b6 7. O-O Bb7 8. a3 Bxc3 9. bxc3 {LiveBook: 77 Games} Nc6 {E43: Nimzo-Indian: Rubinstein: 4...b6} (9... Be4 10. Be2 Nc6 11. Nd2 Bg6 12. a4 d6 13. f3 Rc8 14. Nb3 Nd7 15. d5 exd5 16. cxd5 Ncb8 17. c4 Na6 {½-½ (60) Utnasunov,A (2446)-Sychev,K (2550) Sochi 2018}) 10. e4 {Black should prevent e5.} Ne8 11. Qe2 Na5 $146 {White is slightly better.} ({Predecessor:} 11... Rc8 12. Rb1 Na5 13. Rd1 Qc7 14. dxc5 bxc5 15. e5 {0-1 (43) Ribeiro,J-Golombek,H Munich 1954}) 12. Bf4 Rc8 13. Nd2 f6 14. Bg3 Ba6 15. f4 f5 16. Rac1 Nd6 17. e5 Ndb7 18. Nf3 (18. Rfe1 $14) 18... Qc7 $11 19. d5 exd5 20. cxd5 Bxd3 21. Qxd3 c4 22. Qd1 Nb3 23. Rc2 N7c5 24. Bf2 Nd3 25. Be3 (25. d6 $11 Qb7 26. g3) 25... Qb7 26. d6 $1 Qd5 27. Re2 Qa5 28. Rc2 Qxa3 29. Ng5 h6 30. Nh3 (30. Nf3 $11) 30... Qa5 31. Qf3 Ndc5 (31... Qb5 $17 32. Nf2 Kh7) 32. g4 Qb5 (32... Kh7 $11 {keeps the balance.}) 33. Qd5+ (33. g5 $16) 33... Kh8 34. gxf5 (34. g5 $1 $11) 34... Rxf5 $15 35. Nf2 {[#]} a6 (35... Qc6 $1 $17 {[%cal Rc6d5]} 36. Qxc4 Na5) 36. Nh1 Nd3 37. Qxb5 axb5 38. Ng3 Rff8 39. Ra2 Nbc5 40. Ne2 Ra8 (40... Rce8 $15) 41. Rxa8 $11 Rxa8 42. Nd4 b4 43. cxb4 Ne4 44. Kg2 Nxb4 45. Kf3 Nc5 46. Rc1 Nbd3 47. Rxc4 g5 48. Ne2 Rf8 49. Kg3 gxf4+ 50. Nxf4 Nxf4 51. Bxf4 {[%mdl 4096] Endgame KRB-KRN} Ne6 ({Black should play} 51... Kg7 $11) 52. Bxh6 $14 Rf5 53. Bd2 Kg8 54. Bc3 Kf7 55. h4 Rf1 {[#] Strongly threatening ...Rc1.} 56. Rb4 Rc1 57. Bd2 Rd1 (57... Rg1+ $11 {remains equal.} 58. Kf2 Rd1) 58. Rb2 (58. Be3 $16) 58... Nc5 {And now ...Ne4+ would win.} 59. Be3 {With the idea h5.} Nd3 60. Rb5 {Hoping for Rd5.} Ke6 61. Bd4 Re1 (61... Nc5 $11 62. Bxc5 Rd5) 62. Rxb6 (62. h5 $14) 62... Nxe5 {The position is equal.} 63. Bxe5 (63. Rb8 {is more complex.} Kxd6 64. Bf2 Rd1 65. Re8 Rd3+ 66. Kg2) 63... Rxe5 {KR-KR} 64. Kg4 Rd5 65. h5 Kf6 66. h6 Kg6 67. Kf4 Kxh6 68. Ke4 Rd1 69. Ke5 Kg6 70. Rb7 Re1+ 71. Kd5 Rd1+ 72. Kc5 Rc1+ 73. Kd5 Rd1+ 74. Kc5 Rc1+ 75. Kb5 Rb1+ 76. Ka6 Rd1 77. Rxd7 Kf6 78. Kb6 Ke6 79. Rd8 Rxd6+ 80. Rxd6+ Kxd6 {Precision: White = 39%, Black = 55%.} 1/2-1/2

[Event "Orbis IM 2018"]
[Site "Paracin"]
[Date "2018.07.20"]
[Round "9"]
[White "Markovic, Milan D"]
[Black "Bergsson, Stefan"]
[Result "0-1"]
[WhiteElo "2312"]
[BlackElo "2192"]
[Annotator "TA"]
[PlyCount "82"]
[EventDate "2018.??.??"]
[EventCountry "SRB"]
[SourceTitle "playchess.com"]
[Source "ChessBase"]
[SourceQuality "1"]

{[%evp 9,82,-90,-82,-85,-73,-104,-110,-77,-47,-45,-41,-43,-28,-42,-46,-56,-56,-56,-56,-51,-64,-54,-52,-67,-70,-70,-66,-88,-82,-114,-101,-106,-102,-126,-127,-206,-132,-120,-135,-163,-120,-173,-164,-177,-183,-187,-154,-156,-156,-208,-202,-227,-234,-304,-209,-293,-198,-373,-397,-367,-366,-627,-663,-643,-648,-624,-613,-569,-486,-548,-515,-565,-564,-524,-509]} 1. g3 d5 2. c4 c6 3. Qc2 (3. Nf3 Nf6 4. Bg2 dxc4 5. O-O Nbd7 6. Na3 Nb6 7. Qc2 g6 8. Nxc4 Nxc4 9. Qxc4 Bg7 10. d3 O-O 11. Bd2 Nd5 12. Qc1 a5 13. Bh6 Bg4 14. Bxg7 Kxg7 15. Ne5 {½-½ (40) Aronian,L (2794)-Vitiugov,N (2735) Karlsruhe/Baden-Baden 2018}) 3... e5 4. Bg2 Nf6 5. Nc3 dxc4 6. Nf3 $146 {A11: Reti-Eröffnung} ({Vorgänger:} 6. Qa4 Be6 7. Nf3 Nbd7 8. Ng5 Qe7 9. Bxc6 bxc6 10. Qxc6 Rb8 11. Nb5 Qc5 12. Nc7+ {0-1 (34) Agusto,O-Salawu,M Lagos 2015}) 6... Bd6 7. Ne4 {[#]} Nxe4 $1 8. Qxe4 {Schwarz steht besser.} O-O 9. Qxc4 Be6 10. Qa4 Nd7 11. d4 Nb6 12. Qd1 exd4 13. Qxd4 Be7 $36 {[%mdl 2048] Weiss steht unter Druck.} 14. O-O Bf6 15. Qxd8 Raxd8 16. Bg5 Bxg5 17. Nxg5 Rd2 18. Be4 Rxe2 19. b3 h6 20. Nxe6 fxe6 21. f3 Rd8 {[#] ...Tdd2 ist eine echte Drohung.} 22. Rf2 (22. Rfe1 $17 Rb2 23. Reb1) 22... Rdd2 23. Rxe2 Rxe2 $17 {[%mdl 4096] Endspiel KTL-KTS} 24. a4 a5 25. Rc1 (25. Rb1 $17 {war nötig.}) 25... Nd7 $19 26. Rc3 Kf7 27. h4 Kf6 28. Kf1 Rb2 29. Bd3 (29. f4 $17 {ist wohl besser.}) 29... Nb6 30. Be2 Nd5 31. Rc5 Ke5 32. Rxa5 (32. Bc4 $142) 32... Kd4 33. f4 $2 (33. Bc4) 33... Rxb3 34. Kf2 Rb2 35. Kf3 $2 (35. Kf1) 35... Nc3 {Schwarz steht klar auf Gewinn.} 36. Bf1 Ne4 37. Be2 Rb3+ 38. Kg2 Rxg3+ 39. Kh2 Ra3 40. Bg4 Ra2+ 41. Kg1 Nc5 {Precision: Weiß = 32%, Schwarz = 81%.} 0-1

[Event "Orbis IM 2018"]
[Site "Paracin"]
[Date "2018.07.20"]
[Round "9"]
[White "Scott, Luke"]
[Black "Isha, Sharma"]
[Result "1/2-1/2"]
[WhiteElo "1887"]
[BlackElo "2062"]
[Annotator "NA RC"]
[PlyCount "101"]
[EventDate "2018.??.??"]
[EventCountry "SRB"]
[SourceTitle "playchess.com"]
[Source "ChessBase"]
[SourceQuality "1"]
[TimeControl "40/5400+30:1800+30"]

1. d4 d6 2. Nf3 Nf6 3. c4 g6 4. Nc3 Bf5 5. g3 Bg7 6. Bg2 Ne4 7. O-O Nxc3 8. bxc3 Be4 9. Qb3 {LiveBook: 4 Games} O-O 10. Ng5 $146 {E60: Königsindisch (ohne Sc3)} (10. Bh3 $11) ({Vorgänger:} 10. Nh4 Bxg2 11. Nxg2 b6 12. e4 Nc6 13. Ne3 Na5 14. Qc2 c5 15. Qd3 cxd4 16. cxd4 Rc8 17. Bd2 Nc6 {1-0 (43) Postny,E (2606)-Bortnyk,O (2570) Kishinev 2017}) 10... Bxg2 11. Kxg2 b6 12. e4 Nc6 13. f4 Na5 14. Qd1 Nxc4 15. f5 c5 16. fxg6 hxg6 17. Nxf7 Rxf7 18. Rxf7 Kxf7 19. Qf1+ Bf6 20. Qxc4+ Kg7 21. Be3 Qd7 22. Rf1 Rh8 23. h4 cxd4 24. cxd4 Rc8 25. Qd3 Qa4 26. Rf2 Rc4 27. e5 dxe5 28. dxe5 Qc6+ 29. Kh2 Bxe5 30. Bh6+ $1 Kxh6 31. Qe3+ Bf4 32. Rxf4 Rc3 (32... Qc5 $15 33. Qxc5 Rxc5) 33. Qxe7 Rc2+ 34. Kh3 Qc8+ 35. Rg4 Rc5 36. Qf7 Qf5 37. Qxf5 gxf5 38. Ra4 a5 39. Kg2 Rc3 40. Kf2 Kg7 41. Kg2 Kf6 42. Kf2 Ke5 43. Kg2 Rc7 44. Kf3 Ra7 45. h5 Kf6 46. Rh4 Kg5 47. h6 $11 Rh7 48. a4 Rxh6 49. Rxh6 Kxh6 50. Kf4 Kg6 51. g4 1/2-1/2